000 00351nam a2200145Ia 4500
005 20260303133312.0
022 _a0028-3878
050 _aRC321. N48
245 _aNeurology
250 _aVol. 104, No. 9
260 _aAmerican
_bAmerican Academy of Neurology
_c2025
300 _aill. 28 cm.
650 _aNeurology--Periodicals.
942 _cSR
_2lcc
999 _c37372
_d37372